000 00406nam a22001457a 4500
020 _a0-7513-5256-X
082 _a001
_bWIL/F
100 _aWILKES, ANGELA
245 _aTHE FANTASTIC RAINY DAY BOOK
260 _aLONDON
_bDORLING KINDERSLEY
_c1997
300 _a64
520 _aOVER 60 STEP BY STEP PROJECTS TO PAINT, BUILD, MAKE, BAKE, SEW AND GROW
650 _aENCYCLOPEDIA
_zUNITED KINGDOM
942 _cBK
999 _c2286
_d2286